Tradičná a synergická ekonomika

Využívanie matematických modelov v ekonomike. Synergetika a synergická ekonomika. Princípy modelovania synergických procesov. Elementy matematickej teórie dynamických systémov. Riešenia evolučných rovníc. Ekonomické cykly. Teoréma Poincaré-Bendixona. Teoréma Hopfa o bifurkáciách. Model hospodársk...

Descrizione completa

Salvato in:
Dettagli Bibliografici
Autore principale: Prno, Ignác
Natura: Capitolo di libro
Lingua:slovacco
Soggetti:
Tags: Aggiungi Tag
Nessun Tag, puoi essere il primo ad aggiungerne!!

MARC

LEADER 00000naa$a2200000$$$4500
001 0018647
005 20231106081704.1
041 0 |a slo 
044 |a SK 
245 1 0 |a Tradičná a synergická ekonomika  |c Ignác Prno 
520 |a Využívanie matematických modelov v ekonomike. Synergetika a synergická ekonomika. Princípy modelovania synergických procesov. Elementy matematickej teórie dynamických systémov. Riešenia evolučných rovníc. Ekonomické cykly. Teoréma Poincaré-Bendixona. Teoréma Hopfa o bifurkáciách. Model hospodárskeho cyklu Keynesa. 
610 2 0 |a synergetika 
610 2 0 |a matematika 
610 2 0 |a teórie ekonomické 
610 2 0 |a teórie systémové 
610 2 0 |a modely ekonomicko-matematické 
610 2 0 |a cykly hospodárske 
100 1 |a Prno, Ignác